000 00811nam a22001577a 4500
008 150612b xxu||||| |||| 00| 0 eng d
020 _a3822858412
082 _a709.2
_bB397c
100 _aUlrike Becks-Malorny
_93098
245 _aPaul Cezanne, 1839-1906 : precursor de la modernidad
_cUlrike Becks-Malorny
260 _aKöln
_bBenedikt Taschen
_c1995
300 _a95 p.
_bill. (col)
_c23 cm
505 _t"Como surge un pintor"
_tCezanne y el impresionismo
_t"Armonia paralela a la naturleza"
_t"Quiero impresionar a Paris con una manzana"-naturalezas muertas
_tEl pintor y su montaña-la montaña Sainte-Victoire
_tBañistas- el tema pictorico de los ultimos años
_tPaul Cezanne-Vida y Obra
600 _a Cezanne, Paul
_d1839-1906
_93099
650 _xPintores-Francia-Biografia
_xPost-impresionismo (arte)-Francia
_93100
999 _c689
_d689